Statistics for Counties in Wyoming

Click here to take the quiz!

General Stats

  • This quiz has been taken 3,383 times
  • The average score is 14 of 23

Answers on the Map

Answers color-coded by a green-red scale on the quiz's map according to % correct below.
Loading ...
 

Answer Stats

County% Correct
TTeton
82%
LLaramie
82%
LLincoln
69%
SSweetwater
66%
AAlbany
66%
PPark
64%
UUinta
64%
NNatrona
62%
SSheridan
61%
FFremont
60%
CCarbon
60%
JJohnson
59%
BBig Horn
59%
HHot Springs
56%
NNiobrara
53%
CCampbell
51%
GGoshen
49%
CConverse
49%
WWashakie
49%
SSublette
49%
CCrook
48%
PPlatte
48%
WWeston
47%

Score Distribution

Percentile by Number Answered

Percent of People with Each Score

Your Score History

You have not taken this quiz